00978nam a22002177a 45000010005000000030006000050050017000110080041000280200018000690400029000870500015001160820010001311000021001412450105001622500045002672600039003123000049003515200294004006500029006947000037007235801FISKH20250815161812.0250122b cb ||||| |||| 00| 0 eng d a9780545133753 aFISKHbengcFISKHdFISKH aPZ7.P31173 a304.8 aPeacock, Louise  aAt Ellis island :bA history in many voices /cby Louise Peacock : Illustrated by Walter Lyon Krudop aFirst Scholastic printing, November 2008 aNew York : bScholastic , c2007.  a44 pages : bcolor illustrations ;c26 cm .  aThe experiences of people coming to the United States from many different lands are conveyed in the words of a contemporary young girl visiting Ellis Island and of a girl who immigrated in about 1910, as well as by quotes from early twentieth century immigrants and Ellis Island officials. aimmigrationvnon-fiction aKrudop, Walter Lyoneillustrator